10 mots dans mots : prénoms 5 (click quiz) - Statistiques

Statistiques générales
  • Ce quiz a été pris 71 fois
  • Le résultat moyen est 6 sur 10
Statistiques - réponses
Hint Réponse % Correct
Isr---ienne Ael
79%
Pré---entialisation Sid
70%
Au---tinienne Gus
61%
I---ucable Ned
61%
Embri---ement Gad
55%
Ther---lectricité Moe
50%
Téléco---nt Pia
50%
Jo---a Job
48%
Mi---o Kad
48%
Nitrazé--- Pam
41%
Aucun quiz correspondant
Distribution des résultats
% des personnes avec chaque résultat
Percentile par nombre de réponses
Votre historique - résultats
Vous n’avez pas pris ce quiz